000 02797nam0a2200421 4500
001 RU\NLR\BIBL_A\012790248
005 20260407113719.0
035 _a(NLR Aleph) 012790248
090 _a13150772
_c13150772
100 _a20210916d1905 |||y0rusy50 ca
101 0 _arus
102 _aRU
105 _ay z 000yy
181 0 _ai
_baxxe
182 0 _an
200 1 _aО кредите на окончание работ по постройке общежития для студентов Ново-Александрийского института сельского хозяйства и лесоводства
_fГосударственный Совет в Департаменте Государственной Экономии. Министерство Народного Просвещения. 17 марта 1905 года. № 58
203 _aТекст
_bвизуальный
_cнепосредственный
210 _a[Санкт-Петербург
_cб. и.]
_d1905
215 _a[1] с.
_d34
300 _aВ конце текста: Подписали: Ф. Тернер, П. Дурново, Ан. Иващенков [и др.]; Скрепил: За Статс-Секретаря Оом
309 _aБез тит. л. и обл.
601 0 1 _aРоссия
_bМинистерство народного просвещения
_jДокументы и материалы
_92444897
_3RU\NLR\AUTH\661454178
601 0 2 _aНово-Александрийский институт сельского хозяйства и лесоводства
_xФинансирование
_92537809
_3RU\NLR\AUTH\6601716295
686 3 _aЧ34(28)к211
686 3 _aЧ488.84(28)7к7-Ново-Александрийский
702 1 _4720
_7ca
_8rus
_aТернер
_bФ. Г.
_cгос. деятель
_f1828-1906
_gФедор Густавович
_9156929
_3RU\NLR\AUTH\770156969
702 1 _4720
_7ca
_8rus
_aДурново
_bП. Н.
_f1842-1915
_gПетр Николаевич
_9238607
_3RU\NLR\AUTH\770238663
702 1 _4720
_7ca
_8rus
_aИващенков
_bА. П.
_cгос. деятель, сенатор
_f1842-1906
_gАнатолий Павлович
_9209075
_3RU\NLR\AUTH\770209129
702 1 _aОом
_4720
711 0 1 _aРоссия
_bМинистерство народного просвещения
_3RU\NLR\AUTH\889944176
_9383530
711 0 2 _aНово-Александрийский институт сельского хозяйства и лесоводства
_3RU\NLR\AUTH\889917520
_9331205
712 0 1 _4570
_aРоссия
_bДепартамент государственной экономии
_3RU\NLR\AUTH\889933514
_9362122
852 _aNLR
_j135/294-374 (13)
942 _cBOOK
980 _aNB